16富山県の市町村 - Statistics

General Stats
  • This quiz has been taken 143 times
    139 since last reset
  • The average score is 10 of 15
Answer Stats
Answer % Correct
富山市
100%
高岡市
94%
黒部市
94%
砺波市
91%
南砺市
84%
魚津市
83%
氷見市
83%
小矢部市
78%
射水市
76%
滑川市
73%
中新川郡立山町
38%
中新川郡上市町
37%
下新川郡入善町
36%
中新川郡舟橋村
35%
下新川郡朝日町
35%
No matching quizzes found
Score Distribution
Percent of People with Each Score
Percentile by Number Answered
Your Score History
You have not taken this quiz since the last reset